Virus alert poems / (Record no. 20892)

MARC details
000 -LEADER
fixed length control field 00844nam a2200229 a 4500
005 - DATE AND TIME OF LATEST TRANSACTION
control field 20010905110431.0
008 - FIXED-LENGTH DATA ELEMENTS--GENERAL INFORMATION
fixed length control field 970417s1997 caua 001 0 eng
010 ## - LCCN (DPL NO)
LC control number ENG-92476
020 ## - INTERNATIONAL STANDARD BOOK NUMBER
Terms of availability 100.00
035 ## - SYSTEM CONTROL NUMBER
System control number EN-76009
037 ## - SOURCE OF ACQUISITION
Source of stock number/acquisition DBAD / PUB
040 ## - CATALOGING SOURCE
Original cataloging agency dpl
Language of cataloging English
082 ## - DEWEY DECIMAL CLASSIFICATION NUMBER
Classification number 881
100 ## - MAIN ENTRY--PERSONAL NAME
Personal name Divate, Hemant
245 ## - TITLE STATEMENT
Title Virus alert poems /
Statement of responsibility, etc by Hemant Divate;translated from Marathi by Dilip Chitre
260 ## - PUBLICATION, DISTRIBUTION, ETC. (IMPRINT)
Place of publication, distribution, etc Mumbai
Name of publisher, distributor, etc Poetrywala,
Date of publication, distribution, etc 2003
270 ## - ADDRESS
Address 1701/1702, Whispering Palms 6-A, Lokhandwala Township, Kandivali
City Mumbai
Postal code 400101
300 ## - PHYSICAL DESCRIPTION
Extent 70p.
Dimensions 22 cm (pbk)
650 ## - SUBJECT ADDED ENTRY--TOPICAL TERM
Topical term or geographic name as entry element Marathi poetry
General subdivision Translated into English
942 ## - ADDED ENTRY ELEMENTS (KOHA)
Source of classification or shelving scheme Dewey Decimal Classification
Item type English Books
Call number suffix DIV
Classification part 881
Holdings
Withdrawn status Lost status Source of classification or shelving scheme Damaged status Not for loan Collection code Home library Current library Date acquired Source of acquisition Cost, normal purchase price Total Checkouts Full call number Barcode Date last seen Copy number Cost, replacement price Koha item type
    Dewey Decimal Classification   Not For Loan Non-fiction D.B.Act.Division D.B.Act.Division 12/01/2009 DBAB / PUB 100.00   881 DIV EN-76009 12/01/2009 1 100.00 English Books

© Delhi Public Library
Hit Counter
free hit counter